000 00602nam a2200229Ia 4500
003 OSt
005 20220918214409.0
006 a|||||r|||| 00| 0
007 ta
008 220917b |||||||| |||| 00| 0 eng d
024 _a137,252
037 _cTextual
040 _aARTS
_cARTS
_beng
041 _2eng
_aeng
082 _aYv, L6
100 _aHawthorn Geoffrey
_9131169
245 0 _aEnlightenment and despair
_b a history of sociology
260 _aCambridge
_bCUP
_c1976
650 _aSOCIOLOGY
942 _hYv, L6
_cTEXL
_2CC
999 _c260336
_d260336